Frontière du RD Congo - Statistiques

Statistiques générales
  • Ce quiz a été pris 58 fois
  • Le résultat moyen est 7 sur 9
Statistiques - réponses
Km Pays % Correct
2410 République du Congo
93%
765 Ouganda
89%
1577 République Centrafricaine
89%
217 Rwanda
85%
2511 Angola
84%
459 Tanzanie
80%
1930 Zambie
76%
233 Burundi
75%
628 Soudan du Sud
64%
Aucun quiz correspondant
Distribution des résultats
% des personnes avec chaque résultat
Percentile par nombre de réponses
Votre historique - résultats
Vous n’avez pas pris ce quiz